Исследование полиэфиркетонкетоновых покрытий, сформированных на Ti подложке методом электрораспыления; Научная инициатива иностранных студентов и аспирантов

Dades bibliogràfiques
Parent link:Научная инициатива иностранных студентов и аспирантов.— 2025.— С. 159-163
Autor principal: Ли Цзе
Altres autors: Букал В. Р. Владислав Романович (научный руководитель), Твердохлебов С. И. Сергей Иванович
Sumari:В работе рассматривается новый метод создания покрытий для медицинских изделий. Целью работы являлась разработка биоинертных покрытий, потенциально предотвращающих развитие у пациентов аллергических реакций на титановые сплавы. Представлены результаты исследования микроструктуры поверхности образцов методом сканирующей электронной микроскопии и результаты расчета поверхностной энергии
Текстовый файл
Idioma:rus
Publicat: 2025
Matèries:
Accés en línia:http://earchive.tpu.ru/handle/11683/132094
Format: MixedMaterials Electrònic Capítol de llibre
KOHA link:https://koha.lib.tpu.ru/cgi-bin/koha/opac-detail.pl?biblionumber=681052

MARC

LEADER 00000naa2a2200000 4500
001 681052
005 20250821102738.0
090 |a 681052 
100 |a 20250729d2025 k||y0rusy50 ca 
101 0 |a rus 
102 |a RU 
135 |a drcn ---uucaa 
200 1 |a Исследование полиэфиркетонкетоновых покрытий, сформированных на Ti подложке методом электрораспыления  |f Ли Цзе, Букал В. Р.  |g науч. рук. Твердохлебов С. И. 
320 |a Список литературы: 4 назв 
330 |a В работе рассматривается новый метод создания покрытий для медицинских изделий. Целью работы являлась разработка биоинертных покрытий, потенциально предотвращающих развитие у пациентов аллергических реакций на титановые сплавы. Представлены результаты исследования микроструктуры поверхности образцов методом сканирующей электронной микроскопии и результаты расчета поверхностной энергии 
336 |a Текстовый файл 
463 1 |0 680868  |9 680868  |t Научная инициатива иностранных студентов и аспирантов  |o сборник докладов V Международной научно-практической конференции, Томск, 22-24 апреля 2025 г.  |c Томск  |d 2025  |n Изд-во ТПУ  |u conference_tpu-2025-C19.pdf  |v С. 159-163 
545 1 |a Актуальные проблемы инженерных наук 
610 1 |a электронный ресурс 
610 1 |a труды учёных ТПУ 
610 1 |a полиэфиркетонкетон 
610 1 |a электрораспыление 
610 1 |a покрытия 
610 1 |a морфология 
610 1 |a поверхностная энергия 
700 0 |a Ли Цзе 
701 1 |a Букал  |b В. Р.  |c физик  |c инженер-исследователь Томского политехнического университета  |f 1996-  |g Владислав Романович  |9 22874 
702 1 |a Твердохлебов  |b С. И.  |c физик  |c доцент Томского политехнического университета, кандидат физико-математических наук  |f 1961-  |g Сергей Иванович  |4 727 
801 0 |a RU  |b 63413507  |c 20250729  |g RCR 
850 |a 63413507 
856 4 |u http://earchive.tpu.ru/handle/11683/132094  |z http://earchive.tpu.ru/handle/11683/132094 
942 |c CF